| 000 | 00558nam a2200193Ia 4500 | ||
|---|---|---|---|
| 005 | 20250508153225.0 | ||
| 008 | 008 250505s9999 xx 000 0 eng d | ||
| 037 | _aTextual | ||
| 040 |
_aFEDL _beng _cFEDL |
||
| 041 |
_aeng _2eng |
||
| 084 |
_a301.155, PET _qFEDL |
||
| 100 |
_aPetrullo Luigi Ed. _9139237 |
||
| 245 | 0 | _aLeadership and interpersonal behavior | |
| 260 |
_aNew York, USA _bHolt, Rinehart and Winston _c1961 |
||
| 300 | _axxxiv,382p. | ||
| 650 | _aSociology | ||
| 942 |
_cTEXL _h301.155, PET |
||
| 999 |
_c1341366 _d1341366 |
||